Statystyki dla Wszystkie ośmiotysięczniki świata

Kliknij tutaj aby rozwiązać quiz!

Ogólne statystyki

  • Ten quiz został rozwiązany 101 razy
  • Średni wynik to 8 z 14

Statystyki odpowiedzi

PasmoWysokośćm.n.p.m.Odpowiedź% Poprawnych
Karakorum8611Karakorum 2
100%
Himalaje8848Mount Everest
100%
Himalaje8516Lhotse
73%
Himalaje8091Annapurna I
66%
Himalaje8586Kanczendzonga
66%
Karakorum8047Broad Peak
63%
Himalaje8126Nanga Parbat
63%
Himalaje8463Makalu
61%
Himalaje8156Manaslu
59%
Himalaje8201Czo Oju
49%
Himalaje8167Dhaulagiri
46%
Himalaje8013Sziszapangma
41%
Karakorum8068Gaszerbrum I
5%
Karakorum8035Gaszerbrum II
5%

Rozkład punktacji

Percentyl według liczby udzielonych odpowiedzi

Procent ludzi z każdym wynikiem

Twoja historia wyników

Nie rozwiązałeś tego quizu